| 000 | 01743nac a22003137a 4500 | ||
|---|---|---|---|
| 003 | Co-PeBPM | ||
| 005 | 20240705204051.0 | ||
| 007 | ta | ||
| 008 | 240705s2020 ck |||| |||| 00| 0 spa d | ||
| 020 | _aISBN 13: 9789584289889 | ||
| 020 | _aISBN 10: 9584289889 | ||
| 040 |
_aCo-PeBPM _bspa _cCo-PeBPM _erda |
||
| 082 | 0 | 4 |
_a823 M913ci _222 |
| 100 | 1 |
_aMosse, Kate _eautora |
|
| 245 | 1 | 4 |
_aLa ciudad de las lágrimas _c/ Kate Mosse; traducción de Albert Vitó i Godina |
| 250 | _aPrimera edición | ||
| 260 |
_aBarcelona, España _b: Planeta, _c2020 |
||
| 300 |
_a621 páginas _c23 centímetros |
||
| 490 |
_aLa Ciudad del Fuego _v2 |
||
| 500 | _aIncluye índice | ||
| 500 | _aContiene datos biográficos de la autora en la solapa del texto | ||
| 520 | _aFrancia. Junio de 1572. Las guerras de religión llevan diez años asolando Francia, e incontables vidas se han perdido en los campos de batalla. Sin embargo, el matrimonio entre Margarita de Valois y Enrique de Navarra puede cambiarlo todo: concertado por la astuta Catalina de Médici, supondría una alianza entre católicos y hugonotes y lograría, por fin, la unificación del país. En Carcasona, Minou Joubert recibe una invitación para asistir a la histórica boda, que se celebrará en París. Mientras el enemigo más peligroso de los Joubert, Vidal, los acecha en busca de una reliquia de incalculable valor, Minou y toda su familia se verán envueltos en una tragedia que marcará para siempre el futuro de sus vidas. | ||
| 650 | 1 | 4 |
_aLiteratura inglesa _2Lemb |
| 650 | 1 | 4 |
_aNovelas inglesas _2Lemb |
| 700 |
_aVitó i Godina, Albert _etraducción |
||
| 765 | _aThe City of Tears | ||
| 942 |
_2ddc _cBK _n0 |
||
| 999 |
_c59319 _d59319 |
||